| 000 | 00654nam a22002055i 4500 | ||
|---|---|---|---|
| 005 | 20180807093831.0 | ||
| 010 | _aB-701205 | ||
| 020 |
_a9789357940726 _c195.00 |
||
| 035 | _aB-701205 | ||
| 037 |
_bDBAD _adpl |
||
| 082 | _a480 | ||
| 100 | 1 | _aGupta ,Sahil | |
| 245 | 1 | 0 |
_aInternational English Olympiad - 4 / _cby Sahil Gupta |
| 260 |
_bV & S Publishers _c2016 |
||
| 270 |
_aF-2/16, Ansari Road, Darya Ganj _bNew Delhi _e110002 |
||
| 300 |
_a156 p ; _b24cm (pbk) _cIllus. _eC.D.Rome |
||
| 490 |
_aThe Gen X series _v4 |
||
| 942 |
_2ddc _cCH _h480 _mGUP |
||
| 999 |
_c155577 _d155577 |
||